[Event "Saratov-B"]
[Site "Saratov"]
[Date "2009.08.17"]
[Round "10"]
[White "Rjazanova Ossipova, Valeria"]
[Black "Kahramanov, Bahtijar"]
[Result "1/2-1/2"]
[WhiteElo "2099"]
[BlackElo "2018"]
[PlyCount "122"]
[EventDate "2009.08.10"]
[EventType "tourn"]
[EventRounds "13"]
[EventCountry "RUS"]
[SourceTitle "CBM 132 Extra"]
[Source "ChessBase"]
[SourceDate "2009.11.03"]
[SourceVersion "1"]
[SourceVersionDate "2009.11.03"]
[SourceQuality "1"]

1. e4 e5 2. Nf3 Nc6 3. Bc4 Nf6 4. d3 Bc5 5. c3 a6 6. 0-0 d6 7. Bb3 Ba7 8. Nbd2 0-0 9. h3 Ne7 10. Nh4 d5 11. exd5 Nfxd5 12. Nc4 Nc6 13. Qh5 Nf6 14. Qf3 h6 15. Nf5 Kh8 16. Re1 Qd5 17. Qxd5 Nxd5 18. Nxe5 Bxf5 19. Bxd5 Nxe5 20. Rxe5 Bxd3 21. Bxb7 Rae8 22. Bf4 Rb8 23. Bd5 Rxb2 24. Be3 f6 25. Re7 Bxe3 26. Rxe3 Bg6 27. Re7 Rd8 28. Bc4 Rdd2 29. Rxc7 Rxf2 30. Rc8+ Kh7 31. Bg8+ Kh8 32. Bd5+ Kh7 33. c4 Bf7 34. Ba8 Rxa2 35. Rxa2 Rxa2 36. c5 Ra1+ 37. Kf2 Rc1 38. Bf3 a5 39. c6 a4 40. Ra8 Rc4 41. Ke3 f5 42. Kd3 Kg6 43. Ra6 Kh7 44. Ra7 Be6 45. Ra6 Bf7 46. h4 Rxh4 47. Ra7 Bg8 48. Ra8 Bf7 49. c7 Be6 50. c8Q Bxc8 51. Rxc8 Kg6 52. Ra8 Kg5 53. Bc6 Rh1 54. Rxa4 h5 55. Ra7 g6 56. Ke3 h4 57. Rh7 h3 58. gxh3 Rc1 59. Bf3 Rc4 60. Kf2 Rh4 61. Rxh4 Kxh4 1/2-1/2

[Event "Saratov-B"]
[Site "Saratov"]
[Date "2009.08.14"]
[Round "7"]
[White "Kahramanov, Bahtijar"]
[Black "Vetrov, Alexey"]
[Result "1-0"]
[WhiteElo "2018"]
[BlackElo "2130"]
[PlyCount "39"]
[EventDate "2009.08.10"]
[EventType "tourn"]
[EventRounds "13"]
[EventCountry "RUS"]
[SourceTitle "CBM 132 Extra"]
[Source "ChessBase"]
[SourceDate "2009.11.03"]
[SourceVersion "1"]
[SourceVersionDate "2009.11.03"]
[SourceQuality "1"]

1. e4 c6 2. d4 d5 3. e5 Bf5 4. Nf3 e6 5. Be2 Ne7 6. 0-0 c5 7. c4 a6 8. Na3 Nd7 9. Be3 cxd4 10. Nxd4 Nxe5 11. Qa4+ Qd7 12. Nab5 N7c6 13. Nxf5 exf5 14. cxd5 Nb4 15. Nc7+ Kd8 16. Qxd7+ Nxd7 17. Nxa8 Nc2 18. Rac1 Nxe3 19. fxe3 Bc5 20. Rxc5 1-0

[Event "Saratov-B"]
[Site "Saratov"]
[Date "2009.08.13"]
[Round "5"]
[White "Kahramanov, Bahtijar"]
[Black "Tomnikova, Lidia"]
[Result "0-1"]
[WhiteElo "2018"]
[BlackElo "2023"]
[PlyCount "90"]
[EventDate "2009.08.10"]
[EventType "tourn"]
[EventRounds "13"]
[EventCountry "RUS"]
[SourceTitle "CBM 132 Extra"]
[Source "ChessBase"]
[SourceDate "2009.11.03"]
[SourceVersion "1"]
[SourceVersionDate "2009.11.03"]
[SourceQuality "1"]

1. e4 e5 2. Nf3 Nc6 3. Bc4 Nf6 4. 0-0 Bc5 5. d4 exd4 6. e5 d5 7. exf6 dxc4 8. Re1+ Be6 9. Ng5 Qd5 10. Nc3 Qf5 11. Nce4 0-0-0 12. fxg7 Rhg8 13. Nxe6 fxe6 14. Nxc5 Qxc5 15. Bh6 Qf5 16. Qe2 e5 17. Qe4 Qxe4 18. Rxe4 Rd6 19. Rh4 Nd8 20. Bg5 Rxg7 21. Bxd8 Kxd8 22. Re4 Rg5 23. f4 exf4 24. Rxf4 Re5 25. Rd1 c5 26. Rf7 Rd7 27. Rf6 Re2 28. Rf2 Rde7 29. Kf1 Rxf2+ 30. Kxf2 Kd7 31. Rd2 Kd6 32. Kg3 Kd5 33. Kg4 Re1 34. Rf2 d3 35. Kf3 Kd4 36. c3+ Ke5 37. Rd2 b5 38. a3 a5 39. Kf2 Rc1 40. Ke3 b4 41. axb4 cxb4 42. cxb4 axb4 43. g3 Rc2 44. b3 Rxd2 45. Kxd2 Kd4 0-1

[Event "Saratov-B"]
[Site "Saratov"]
[Date "2009.08.11"]
[Round "2"]
[White "Zhestkov, Igor"]
[Black "Kahramanov, Bahtijar"]
[Result "0-1"]
[WhiteElo "1987"]
[BlackElo "2018"]
[PlyCount "130"]
[EventDate "2009.08.10"]
[EventType "tourn"]
[EventRounds "13"]
[EventCountry "RUS"]
[SourceTitle "CBM 132 Extra"]
[Source "ChessBase"]
[SourceDate "2009.11.03"]
[SourceVersion "1"]
[SourceVersionDate "2009.11.03"]
[SourceQuality "1"]

1. e4 e5 2. Nf3 Nc6 3. Nc3 Nf6 4. d4 Bb4 5. d5 Ne7 6. Bd3 d6 7. h3 0-0 8. 0-0 c6 9. Bg5 Ng6 10. Ne2 h6 11. Bxf6 Qxf6 12. c3 Bc5 13. Nh2 Nh4 14. Kh1 Qg5 15. g4 cxd5 16. Ng3 dxe4 17. Nxe4 Qf4 18. Qc1 Qxc1 19. Raxc1 Be6 20. f4 Be3 21. Rcd1 d5 22. Ng3 Bxf4 23. Nh5 Bxh2 24. Kxh2 e4 25. Be2 Ng6 26. Kg3 Rad8 27. h4 f6 28. Rd4 Ne5 29. Nf4 Bf7 30. Rfd1 Nc6 31. R4d2 Rfe8 32. h5 Re5 33. b4 a6 34. a4 Rc8 35. Nxd5 Bxd5 36. Rxd5 Rxd5 37. Rxd5 Ne5 38. Rd4 Rxc3+ 39. Kf4 e3 40. Re4 Kf8 41. Rxe3 Rc1 42. Rb3 Re1 43. Bf3 Rf1 44. Kg3 Rxf3+ 45. Rxf3 Nxf3 46. Kxf3 Kf7 47. Ke4 g6 48. hxg6+ Kxg6 49. Kd5 f5 50. gxf5+ Kxf5 51. b5 axb5 52. axb5 h5 53. b6 h4 54. Kd6 h3 55. Kc7 h2 56. Kxb7 h1Q+ 57. Ka7 Qa1+ 58. Kb8 Qe5+ 59. Kb7 Ke6 60. Kc6 Qd5+ 61. Kc7 Qc5+ 62. Kb7 Kd7 63. Ka8 Qa5+ 64. Kb7 Kd6 65. Kc8 Qa8# 0-1